| 000 | 01496nam a2200313 a 4500 | ||
|---|---|---|---|
| 001 | 000016707 | ||
| 005 | 20200929164941.0 | ||
| 008 | 100310s1980 dr r 000 0 spa d | ||
| 040 |
_aDO-SdBNP _bspa _cBNPHU |
||
| 082 |
_a510 _bB142m |
||
| 100 | 1 |
_aBáez de Erazo, Melba _937061 |
|
| 245 | 1 | 0 |
_aMatemática básica I / _cMelba Báez de Erazo, Reyita Taveras de Friaz. |
| 260 |
_aSanto Domingo : _bUniversidad Autónoma de Santo Domingo, _c1980. |
||
| 300 |
_a293 p. ; _c22 cm. |
||
| 490 | 1 |
_aPublicaciones de la Universidad Autónoma de Santo Domingo _v281 _aCiencia y tecnologia _v11 |
|
| 504 | _aIncluye referencias bibliográficas | ||
| 505 | 0 | _aIntroducción a la lógica - Introducción a la teoría de conjuntos - Conjuntos numéricos y operacionales - Números complejos - Estructuras algebraicas - Ecuaciones e inecuaciones. | |
| 586 | _aPremio Nacional de Didáctica, 1980 | ||
| 590 | _aInventariado, 2018/BT | ||
| 650 | 4 |
_aMatemáticas _xEnseñanza _926423 |
|
| 650 | 4 |
_aMatemáticas _xProblemas, ejercicios, etc. _919473 |
|
| 650 | 4 |
_aTeoría de conjuntos _xProblemas, ejercicios, etc. _919474 |
|
| 650 | 4 |
_aLógica _xProblemas, ejercicios, etc. _936516 |
|
| 650 | 4 |
_aEcuaciones _xProblemas, ejercicios, etc. _919476 |
|
| 650 | 4 |
_aMatemáticas _xLibros de textos _936517 |
|
| 700 | 1 |
_aTaveras de Friaz, Reyita _937062 |
|
| 830 | 0 |
_aPublicaciones de la Universidad Autónoma de Santo Domingo _n281 _pCiencia y tecnología; 11 _937063 |
|
| 910 | _aValidado. Control de calidad. MMOLINA | ||
| 999 |
_c16239 _d16239 |
||